Odklad začiatku plnenia povinnej školskej dochádzky

Bibliographic Details
Main Author: Hajdúková, Viera (Author)
Format: Article
Language:Slovak
ISSN:0032-7220
Subjects:

MARC

LEADER 00000nab a2200000 4500
001 vtls011759267
003 SK-MaSNL
005 20260303082225.0
008 180530|2017 xo |||| || ||00 0|slo
015 |a SNBRB2018/05 
040 |e rda 
041 |a slo 
044 |a xo  |c SK 
072 7 |a 37.014  |x Vzdelávacia a výchovná politika  |2 konspekt 
080 |a 37.014.14  |2 2001 
100 1 |a Hajdúková, Viera  |4 aut  |9 403724 
245 1 0 |a Odklad začiatku plnenia povinnej školskej dochádzky  |c Viera Hajdúková 
336 |a text  |b txt  |2 rdacontent 
337 |a bez média  |b n  |2 rdamedia 
338 |a zväzok  |b nc  |2 rdacarrier 
504 |a Obsahuje bibliografiu 
546 |a Slovenské resumé 
650 0 7 |a odklad školskej dochádzky  |2 snkbucl  |9 1086779 
650 0 7 |a povinná školská dochádzka  |2 SNKPH  |9 28792 
773 0 |t Predškolská výchova  |g Roč. LXXII, č. 4 (2017/18), s. 43  |x 0032-7220 
787 0 8 |i Rec.: 
999 |c 1787200  |d 1789130